| 000 | 00523nam a2200205Ia 4500 | ||
|---|---|---|---|
| 008 | 140306s9999 xx 000 0 und d | ||
| 020 | _a307261085 | ||
| 050 |
_aPZ 8.3 _b.H848Pi 2003 |
||
| 100 | _aHubbell, Patricia | ||
| 245 |
_aPig Picnic / _cPatricia Hebbell |
||
| 260 |
_aUSA : _bScholastic Inc, _cc2003. |
||
| 300 |
_a30 p. : _bcol. Ill. ; _c18 cm. |
||
| 521 | _aG1 | ||
| 526 | _cBR | ||
| 650 |
_aPigs _xFiction. |
||
| 650 | _aStories in rhyme. | ||
| 650 |
_aWolves _xFiction. |
||
| 942 | _cBK | ||
| 999 |
_c42867 _d42867 |
||